000 00809cam a22002414a 4500
001 13047599
005 20171218081219.0
008 030103s2004 wau b 001 0 eng
010 _a 2003040608
020 _a0936197471
040 _aDLC
_cDLC
_dDLC
041 _aeng
042 _apcc
080 _a615.5
082 0 0 _a615.5 ALT
_221
100 1 _a5
101 _aSHF
245 1 0 _aBalanced healing :
_cLarry Altshuler.
504 _aIncludes bibliographical references (p. [455]-462) and index.
906 _a7
_bcbc
_corignew
_d1
_eocip
_f20
_gy-gencatlg
942 _2ddc
_cBK
999 _c39094
_d39094